- Marx, Karl,
Entry Nombre Personal
001 - NUMERO DE CONTROL
- campo de control: 28367
003 - IDENTIFICADOR DE NUMERO DE CONTROL
- campo de control: UPN
005 - FECHA Y HORA DE LA ÜLTIMA TRANSACCIÓN
- campo de control: 20220630201521.0
008 - DATOS DE LONGITUD FIJA
- campo de control de longitud fija: nabaccnnaabn|||||||||| b |nc|||||d
010 ## - NÚMERO DE CONTROL DE LA BIBLIOTECA DEL CONGRESO
- Número de control LC: n 79006935
024 7# - OTROS IDENTIFICADORES NORMALIZADOS
- Fuente: isni
- Número normalizado o código: 0000000122796570
035 ## - NUMERO DE CONTROL
- Número de control: (CaEvSKY)skya1323434
035 ## - NUMERO DE CONTROL
- Número de control: (OCoLC)oca00241067
040 ## - FUENTE DE CATALOGACIÓN
- Lenguaje de catalogación: spa
- Agencia de transcripción: DLC
- Agencia original de catalogación: DLC
- Agencia que lo modifica: DLC
- Agencia que lo modifica: NjP
- Agencia que lo modifica: DLC-R
- Agencia que lo modifica: IU
- Agencia que lo modifica: DLC
- Agencia que lo modifica: NIC
- Agencia que lo modifica: INS-SF
- Agencia que lo modifica: OCoLC
- Agencia que lo modifica: Uk
- Agencia que lo modifica: HkUST
- Agencia que lo modifica: ICU
- Agencia que lo modifica: MX-MrUMS
- Agencia que lo modifica: DLC
- Agencia que lo modifica: WU
- Agencia que lo modifica: CaOONL
- Agencia que lo modifica: OCoLC
- Agencia que lo modifica: NL-TiUL
- Agencia que lo modifica: OCoLC
- Agencia que lo modifica: MX-MxUPN
- Description conventions: rda
046 ## - FECHAS CON CODIFICACIÓN ESPECIAL
- Fuente del formato de fecha: edtf
- Fecha de nacimiento: 1818-05-05
- Fecha de muerte: 1883-03-14
050 ## - SIGNATURA TOPOGRAFICA - BIBLIOTECA DEL CONGRESO (LC)
- Número de clasificación: PT2428.M47
100 1# - ENCABEZAMIENTO - NOMBRE PERSONAL
- Nombre personal: Marx, Karl,
- Fechas asociadas con el nombre: 1818-1883
370 ## - LUGAR ASOCIADO
- Fuente del término: naf
- Place of birth: Trier (Germany)
- Place of death: London (England)
372 ## - CAMPO DE ACTIVIDAD
- Fuente del término: lcsh
- Field of activity: Derecho
- Field of activity: Historia
- Field of activity: Filosofía
- Field of activity: Ciencia política
- Field of activity: Sociología
- Field of activity: Socialismo científico
- Field of activity: Comunismo moderno
- Field of activity: Marxismo
- Field of activity: Materialismo histórico.
373 ## - GRUPO ASOCIADO
- Fuente del término: naf
- Associated group: Universität Bonn
- Associated group: Freie Universität Berlin
374 ## - OCUPACIÓN
- Fuente del término: lcsh
- Occupation: Filósofo
- Occupation: Sociólogo
- Occupation: Economista
- Occupation: Periodista
- Occupation: Intelectual
- Occupation: Militante comunista
- Occupation: Editor
- Occupation: Autor
375 ## - GÉNERO
- Fuente del término: lcdgt
- Gender: masculino
377 ## - LENGUA ASOCIADA
- Language code: ger
400 1# - VEÁSE - NOMBRE DE PERSONA
- Personal name: Marx, Carlos,
- Dates associated with a name: 1818-1883
400 1# - VEÁSE - NOMBRE DE PERSONA
- Personal name: Makesi,
- Dates associated with a name: 1818-1883
400 1# - VEÁSE - NOMBRE DE PERSONA
- Personal name: Ma-kʻo-ssu,
- Dates associated with a name: 1818-1883
400 1# - VEÁSE - NOMBRE DE PERSONA
- Personal name: Marukusu,
- Dates associated with a name: 1818-1883
400 1# - VEÁSE - NOMBRE DE PERSONA
- Personal name: Marx, Heinrich Karl,
- Dates associated with a name: 1818-1883
400 1# - VEÁSE - NOMBRE DE PERSONA
- Personal name: Marks, Karl,
- Dates associated with a name: 1818-1883
400 1# - VEÁSE - NOMBRE DE PERSONA
- Personal name: Marks, K.
- Dates associated with a name: 1818-1883
- Fuller form of name: (Karl),
400 1# - VEÁSE - NOMBRE DE PERSONA
- Personal name: Markso, Karlo,
- Dates associated with a name: 1818-1883
670 ## - FUENTE EN LA QUE SE LOCALIZARON DATOS
- Cita de la fuente: T
- Información localizada: Salvat universal
670 ## - FUENTE EN LA QUE SE LOCALIZARON DATOS
- Cita de la fuente: Barco, O. del. Esencia y apariencia en El capital, 1977:
- Información localizada: solapa delantera (Carlos Marx)
670 ## - FUENTE EN LA QUE SE LOCALIZARON DATOS
- Cita de la fuente: Ocherki po istorii "Kapitala" K. Marksa, 1983:
- Información localizada: portada (K. Marksa)
670 ## - FUENTE EN LA QUE SE LOCALIZARON DATOS
- Cita de la fuente: Liudviko Bonaparto Briumerio Aštuonioliktoji, 1922:
- Información localizada: portada (Karolis Marksas)
670 ## - FUENTE EN LA QUE SE LOCALIZARON DATOS
- Cita de la fuente: Damiani, G. Carlo Marx e Bacunin in Spagna, 1939:
- Información localizada: portada (Carlo Marx)
670 ## - FUENTE EN LA QUE SE LOCALIZARON DATOS
- Cita de la fuente: Dunglaboro kaj kapitalo, 2009:
- Información localizada: portada (Karlo Markso)
670 ## - FUENTE EN LA QUE SE LOCALIZARON DATOS
- Cita de la fuente: El capital, Crítica de la Economía Política, 1999:
- Información localizada: título de página (Carlos Marx) página 4 de la cubierta (Carlos Marx born May 5, 1818 in Tréveris, Germany; studied law and history at the Universität Bonn and the Freie Universität Berlin; published his first works at the Rheinische Zeitung; in 1842 his name appeared as the editor of the journal but it ceased to exist in 1843; died March 14, 1883, buried in Highgate Cemetery in London)
670 ## - FUENTE EN LA QUE SE LOCALIZARON DATOS
- Cita de la fuente: En el sitio web Editorial Trotta, consultado Abril 06, 2022:
- Información localizada: (Karl Marx, (1818-1883) fue un filósofo, economista, sociólogo, periodista, intelectual y militante comunista prusiano de origen judío. En su vasta e influyente obra abarca diferentes campos del pensamiento en la filosofía, la historia, la ciencia política, la sociología y la economía. Junto a Friedrich Engels, es el padre del socialismo científico, del comunismo moderno, del marxismo y del materialismo histórico.)
680 ## - NOTA PUBLICA DE ACCESO PÚBLICO
- Frase explicativa de la referencia: Político, filósofo y economista alemán
902 ## - CATALOGADOR
- Catalogador: DAA/311007
